| 000 | 01168nam a22002417a 4500 | ||
|---|---|---|---|
| 999 |
_c59891 _d59891 |
||
| 003 | Ge_BSU | ||
| 005 | 20230505161634.0 | ||
| 008 | 230505s2000 ge ||||| |||| 00| 0 geo d | ||
| 020 | _a9992848308 | ||
| 041 | _ageo | ||
| 080 | _a94(37) ს-96 | ||
| 100 |
_aსურგულაძე, კახაბერ _917998 |
||
| 245 |
_aციცერონი და კატილინა / _c[რედ.: გრანი ქავთარია]; ბსუ, მსოფლიო ისტორიის კათედრა. |
||
| 264 |
_aბათუმი : _bბათუმის უნ-ტი, _c2000. |
||
| 300 |
_a54გვ. ; _b16სმ. |
||
| 500 | _aპარალ. თავფ. და რეზ. რუს. ენ. | ||
| 504 | _aბიბლიოგრ. ტექსტის შენიშვნ. | ||
| 653 | _aციცერონი, მარკუს ტულიუს | ||
| 653 | _aკატილინა, ლუციუს სერგიუს | ||
| 653 | _aძველი რომის ისტორია | ||
| 700 |
_aქავთარია, გრანი _eრედაქტორი _915333 |
||
| 942 |
_2udc _cBK |
||